| 000 | 00827nam a2200289Ia 4500 | ||
|---|---|---|---|
| 001 | Z_3158 | ||
| 003 | CHAP | ||
| 008 | 220113s1981 xx 000 0 und d | ||
| 010 | _a166268 | ||
| 040 | _cCHAP | ||
| 082 | _a636.0896 R5 | ||
| 100 |
_aRistic, Miodrag _997513 |
||
| 245 |
_aDiseases of cattle in the tropics economic and zoonotic relevance / _cby Miodrag Ristic and Ian McIntyre |
||
| 260 |
_aThe Hague : _bMartinus Nijhoff, _c1981 |
||
| 300 |
_a662 p. : _bilus. |
||
| 440 |
_aCurrent topics in veterinary medicine and animal science ; 6 _9140338 |
||
| 500 | _a | ||
| 503 | _a120335 | ||
| 650 |
_aGanaderĂa _x _xTrĂ³picos I. McIntyre, Ian _9140339 |
||
| 650 |
_aGanado _x _xEnfermedades _9140340 |
||
| 901 | _a636.0896 R5 | ||
| 902 | _aA | ||
| 910 | _a1981 | ||
| 942 | _c1 | ||
| 942 | _cc1 | ||
| 999 |
_c166268 _d166268 |
||